[Event "40th Olympiad Women"]
[Site "Istanbul TUR"]
[Date "2012.09.01"]
[Round "5.11"]
[Board "4"]
[White "Hernandez Estevez, Yudania"]
[Black "Dedijer, Mira"]
[Result "1-0"]
[WhiteTitle "WIM"]
[WhiteElo "2252"]
[BlackElo "1981"]
[WhiteTeam "Spain"]
[BlackTeam "Bosnia & Herzegovina"]
[WhiteFideId "2219344"]
[BlackFideId "14401622"]
[EventDate "2012.08.28"]

1. e4 e5 2. Nf3 Nc6 3. Bb5 a6 4. Ba4 Nf6 5. O-O Be7 6. d3 b5 7. Bb3 O-O 8. Re1
d6 9. c3 Nb8 10. Nbd2 Nbd7 11. Nf1 Bb7 12. Ng3 Nc5 13. Bc2 g6 14. d4 Ncd7 15. h3
c5 16. d5 c4 17. Nh2 Re8 18. Qf3 Bf8 19. Be3 Bg7 20. a4 Qc7 21. Ra3 Nc5 22. Rea1
h5 23. Nhf1 Nfd7 24. Qd1 Nb6 25. axb5 axb5 26. Nd2 Rxa3 27. Rxa3 Ra8 28. Qa1
Rxa3 29. Qxa3 Nba4 30. Qb4 Ba6 31. Nxc4 bxc4 32. Bxa4 Nxa4 33. Qxa4 Qb7 34. Nf1
Bb5 35. Qa5 Bf6 36. Nd2 Kf8 37. Qb4 Qa6 38. Kh2 Be7 39. Nb1 Qa4 40. Na3 Qxb4 41.
cxb4 Ba4 42. Nxc4 f5 43. f3 Ke8 44. Kg1 fxe4 45. fxe4 Bc2 46. Nd2 Bh4 47. b5 Kd7
48. b6 Be1 49. Nf3 Bg3 50. Ng5 Bh4 51. Ne6 Kc8 52. Bg5 Bg3 53. Nd8 Bxe4 54. b7+
Kc7 55. Be7 1-0

[Event "40th Olympiad Women"]
[Site "Istanbul TUR"]
[Date "2012.09.01"]
[Round "5.12"]
[Board "1"]
[White "Mamedjarova, Zeinab"]
[Black "Munguntuul, Batkhuyag"]
[Result "1/2-1/2"]
[WhiteTitle "WGM"]
[BlackTitle "IM"]
[WhiteElo "2285"]
[BlackElo "2434"]
[WhiteTeam "Azerbaijan"]
[BlackTeam "Mongolia"]
[WhiteFideId "13401521"]
[BlackFideId "4900758"]
[EventDate "2012.08.28"]

1. d4 d5 2. Nf3 Nf6 3. e3 c6 4. Bd3 Bg4 5. Nbd2 Nbd7 6. c4 e6 7. O-O Bd6 8. h3
Bh5 9. e4 dxe4 10. Nxe4 Nxe4 11. Bxe4 O-O 12. Qb3 Qc7 13. Re1 Bg6 14. Bg5 Bxe4
15. Rxe4 h6 16. Bxh6 gxh6 17. Qe3 f5 18. Qxh6 fxe4 19. Qg6+ Kh8 20. Qh6+ Kg8 21.
Qg6+ Kh8 22. Qh6+ 1/2-1/2

[Event "40th Olympiad Women"]
[Site "Istanbul TUR"]
[Date "2012.09.01"]
[Round "5.12"]
[Board "3"]
[White "Mamedjarova, Turkan"]
[Black "Ankhchimeg, Bayanmunh"]
[Result "1-0"]
[WhiteTitle "WGM"]
[BlackTitle "WIM"]
[WhiteElo "2245"]
[BlackElo "2167"]
[WhiteTeam "Azerbaijan"]
[BlackTeam "Mongolia"]
[WhiteFideId "13402005"]
[BlackFideId "4900600"]
[EventDate "2012.08.28"]

1. e4 c5 2. Nf3 e6 3. Nc3 Nc6 4. Bb5 Nd4 5. O-O a6 6. Bd3 Ne7 7. Nxd4 cxd4 8.
Ne2 Nc6 9. c3 d5 10. Qc2 dxc3 11. dxc3 Bc5 12. exd5 Qxd5 13. Be4 Qd8 14. Bf4 Qe7
15. Rad1 e5 16. b4 Bb6 17. Bc1 h6 18. Bd5 O-O 19. Bxh6 Qf6 20. Be3 Bxe3 21. fxe3
Qh6 22. Qe4 Ne7 23. Bxf7+ Kh8 24. Ng3 Qg5 25. Bb3 Bg4 26. Rde1 b5 27. Bc2 g6 28.
Rxf8+ Rxf8 29. Rf1 Rxf1+ 30. Nxf1 Bd7 31. Qf3 Bc6 32. e4 Ng8 33. Qd3 Qf4 34. g3
Qf8 35. Qe3 Nf6 36. Qg5 Bxe4 37. Bxe4 Nxe4 38. Qh4+ 1-0

[Event "40th Olympiad Women"]
[Site "Istanbul TUR"]
[Date "2012.09.01"]
[Round "5.12"]
[Board "4"]
[White "Otgonjargal, Sengeravdan"]
[Black "Umudova, Nargiz"]
[Result "0-1"]
[WhiteTitle "WFM"]
[BlackTitle "WIM"]
[WhiteElo "2146"]
[BlackElo "2208"]
[WhiteTeam "Mongolia"]
[BlackTeam "Azerbaijan"]
[WhiteFideId "4900790"]
[BlackFideId "13402137"]
[EventDate "2012.08.28"]

1. e4 c5 2. Nf3 g6 3. c4 Bg7 4. d4 cxd4 5. Nxd4 Nc6 6. Be3 Nf6 7. Nc3 O-O 8. Be2
d6 9. O-O Bd7 10. Rc1 Nxd4 11. Bxd4 Bc6 12. Qd3 a5 13. b3 Nd7 14. Rfd1 Nc5 15.
Qe3 Bxd4 16. Rxd4 Qb6 17. Nd5 Bxd5 18. exd5 Nd7 19. Rcd1 Rfe8 20. Qh6 a4 21. h4
axb3 22. axb3 Ra2 23. Bg4 Nf6 24. Bf3 Qxb3 25. h5 Qc2 26. Rf1 Qc3 27. Qf4 Ra1
28. Rxa1 Qxa1+ 29. Kh2 Ra8 30. Bg4 Qe1 31. hxg6 hxg6 32. Bf3 Kg7 33. Rd2 Rh8+
34. Kg3 Qh1 35. Be2 Rh2 36. Bf3 Nh5+ 37. Bxh5 Qxg2# 0-1

[Event "40th Olympiad Women"]
[Site "Istanbul TUR"]
[Date "2012.09.01"]
[Round "5.13"]
[Board "1"]
[White "Greeff, Melissa"]
[Black "Perena, Catherine"]
[Result "0-1"]
[WhiteTitle "WGM"]
[BlackTitle "WIM"]
[WhiteElo "2091"]
[BlackElo "2091"]
[WhiteTeam "South Africa"]
[BlackTeam "Philippines"]
[WhiteFideId "14301504"]
[BlackFideId "5202744"]
[EventDate "2012.08.28"]

1. e4 e5 2. Nf3 Nf6 3. Nxe5 d6 4. Nxf7 Kxf7 5. d4 Be7 6. Nc3 c6 7. f4 Re8 8. e5
Bg4 9. Qd3 dxe5 10. fxe5 Kg8 11. Be2 Bxe2 12. Nxe2 Nd5 13. O-O Rf8 14. Bd2 Qd7
15. c4 Nb6 16. Nf4 Na6 17. Rf3 Rad8 18. Bc3 Nc7 19. Raf1 Ne6 20. Ne2 Ng5 21. Rf4
Rxf4 22. Rxf4 Rf8 23. Ba5 Rxf4 24. Nxf4 Ne6 25. Nxe6 Qxe6 26. b3 c5 27. d5 Qxe5
28. Bc3 Qf4 29. g3 Qd6 30. Qf5 Qd7 31. Qf3 Bd6 32. Kg2 Nc8 33. h3 Ne7 34. Qe4
Qf5 35. Qe2 Kf7 36. Be1 Ng6 37. a3 h5 38. h4 Ne5 39. Bc3 Ng4 40. b4 b6 41. Bd2
Nf6 42. Kg1 Bxg3 43. bxc5 bxc5 44. Be3 Bd6 45. Qb2 Qg4+ 46. Kf1 Qxc4+ 0-1

[Event "40th Olympiad Women"]
[Site "Istanbul TUR"]
[Date "2012.09.01"]
[Round "5.13"]
[Board "2"]
[White "Frayna, Janelle Mae"]
[Black "Van Der Merwe, Cecile H."]
[Result "1/2-1/2"]
[BlackTitle "WIM"]
[WhiteElo "1991"]
[BlackElo "2043"]
[WhiteTeam "Philippines"]
[BlackTeam "South Africa"]
[WhiteFideId "5212499"]
[BlackFideId "14300648"]
[EventDate "2012.08.28"]

1. c4 e5 2. g3 Nf6 3. Bg2 d5 4. cxd5 Nxd5 5. Nc3 Nb6 6. Nf3 Nc6 7. O-O Be7 8. a3
a5 9. d3 O-O 10. Be3 Be6 11. Na4 Nxa4 12. Qxa4 Qd7 13. Rfe1 Rab8 14. Rac1 f6 15.
Nd2 Bd5 16. Ne4 Rfd8 17. Bc5 b6 18. Bxe7 Nxe7 19. Qxd7 Rxd7 20. b4 axb4 21. axb4
Ra8 22. Rc2 c6 23. Bh3 Rda7 24. Nc3 Bf7 25. Bg2 Ra1 26. Rcc1 Rxc1 27. Rxc1 Ra3
28. b5 c5 29. Kf1 Be8 30. Bd5+ Kf8 31. Bc4 Bd7 32. Ke1 Ke8 33. Kd2 Kd8 34. f4
exf4 35. gxf4 Kc7 36. Rg1 g6 37. e4 Kd6 38. Re1 Bg4 39. e5+ fxe5 40. Ne4+ Kc7
41. Nf6 Bf3 42. Rxe5 Nf5 43. Nxh7 Ra1 44. Re1 Rxe1 45. Kxe1 Nd4 46. Kf2 Kd6 47.
Ng5 Bg4 48. Nf7+ Ke7 49. Ne5 Bf5 50. Nf3 Bd7 51. Ne5 Bf5 52. h4 Kf6 53. Ke3 Nc2+
54. Kd2 Nd4 55. Ke3 Nc2+ 56. Kf3 Nd4+ 57. Kf2 Bc8 58. Bf7 Bf5 59. Be8 Nb3 60.
Ke3 Nd4 61. Kf2 Nb3 62. Bc6 Nd4 63. Be8 Nb3 64. Ke3 1/2-1/2

[Event "40th Olympiad Women"]
[Site "Istanbul TUR"]
[Date "2012.09.01"]
[Round "5.13"]
[Board "3"]
[White "Frick, Denise"]
[Black "Docena, Jedara"]
[Result "0-1"]
[WhiteTitle "WIM"]
[WhiteElo "1896"]
[BlackElo "2061"]
[WhiteTeam "South Africa"]
[BlackTeam "Philippines"]
[WhiteFideId "14300818"]
[BlackFideId "5202361"]
[EventDate "2012.08.28"]

1. e4 Nc6 2. Nf3 Nf6 3. e5 Ng4 4. d4 d6 5. exd6 Qxd6 6. h3 Nf6 7. Nc3 a6 8. a3
Bf5 9. Bd3 Bxd3 10. Qxd3 O-O-O 11. Be3 e6 12. b4 Nd5 13. Ne4 Qd7 14. b5 axb5 15.
Qxb5 Nxe3 16. fxe3 Qd5 17. Qd3 e5 18. Nc3 Qa5 19. Ke2 exd4 20. Nxd4 Nxd4+ 21.
exd4 Qg5 22. g4 Bc5 23. Ne4 Qe7 24. c3 Rhe8 25. Kf3 f5 26. Nxc5 fxg4+ 27. Kf2
Rf8+ 28. Kg2 Qxc5 29. hxg4 Qd5+ 30. Kg3 Qd6+ 31. Kg2 Rf4 32. Kh3 h5 33. gxh5
Qe6+ 34. Kh2 Qg4 35. Rhg1 Rf2+ 36. Kh1 Qh4+ 0-1

[Event "40th Olympiad Women"]
[Site "Istanbul TUR"]
[Date "2012.09.01"]
[Round "5.13"]
[Board "4"]
[White "Fronda, Jan Jodilyn"]
[Black "Tlale, Tshepang"]
[Result "1/2-1/2"]
[BlackTitle "WFM"]
[WhiteElo "2022"]
[BlackElo "1782"]
[WhiteTeam "Philippines"]
[BlackTeam "South Africa"]
[WhiteFideId "5204585"]
[BlackFideId "14304503"]
[EventDate "2012.08.28"]

1. e4 c5 2. Nf3 d6 3. d4 cxd4 4. Qxd4 Nc6 5. Bb5 Bd7 6. Bxc6 Bxc6 7. Nc3 h6 8.
O-O e5 9. Qd3 Nf6 10. a4 Be7 11. b4 b6 12. Rd1 O-O 13. Ba3 Rc8 14. Qe2 Qc7 15.
Rd2 Rfd8 16. Rad1 Qb7 17. Re1 Be8 18. Rd3 Bd7 19. b5 Be6 20. Nd2 a6 21. Qd1 a5
22. Ndb1 Rc4 23. f3 Qc8 24. Ree3 Qb8 25. Nd2 Rcc8 26. g4 Nd7 27. Nd5 Bg5 28. Re2
Nc5 29. Bxc5 Rxc5 30. Nf1 Rc4 31. Nfe3 Rc5 32. Kg2 Bxe3 33. Nxe3 Bc4 34. Nxc4
Rxc4 35. Red2 Qc7 36. Rxd6 Rxd6 37. Rxd6 Rxc2+ 38. Rd2 Rc1 39. Rd8+ Kh7 40. Qd7
Rc2+ 41. Kg3 Qxd7 42. Rxd7 f6 43. Rd6 Rc4 44. Rxb6 Rxa4 45. Ra6 Ra2 46. h4 a4
47. g5 hxg5 48. hxg5 fxg5 49. Kg4 Ra3 50. Kxg5 Rb3 51. Rxa4 Rxb5 52. Ra3 Rc5 53.
Rd3 Rc8 54. Rd5 Re8 55. Kf5 Rf8+ 56. Kxe5 Rxf3 57. Kd6 Re3 58. e5 g5 59. e6 Kg6
60. e7 Kf6 1/2-1/2

[Event "40th Olympiad Women"]
[Site "Istanbul TUR"]
[Date "2012.09.01"]
[Round "5.14"]
[Board "2"]
[White "Seps, Monika"]
[Black "Milovic, Aleksandra"]
[Result "1-0"]
[WhiteTitle "WIM"]
[BlackTitle "WFM"]
[WhiteElo "2227"]
[BlackElo "2181"]
[WhiteTeam "Switzerland"]
[BlackTeam "Montenegro"]
[WhiteFideId "1308521"]
[BlackFideId "933988"]
[EventDate "2012.08.28"]

1. d4 e6 2. e4 c5 3. d5 Nf6 4. Nc3 exd5 5. e5 Ng8 6. Qxd5 Ne7 7. Qe4 g6 8. Nb5
Nf5 9. Nf3 Be7 10. Nd6+ Bxd6 11. exd6+ Kf8 12. Qe5 Qe8 13. Qxe8+ Kxe8 14. Bf4
Nc6 15. O-O-O f6 16. Bc4 Rb8 17. g4 Ng7 18. Rhe1+ Kf8 19. Re7 g5 20. Rf7+ Ke8
21. Bg3 Ne6 22. Rxf6 Rf8 23. Rxf8+ Nxf8 24. Nxg5 Ng6 25. Nxh7 1-0

[Event "40th Olympiad Women"]
[Site "Istanbul TUR"]
[Date "2012.09.01"]
[Round "5.14"]
[Board "3"]
[White "Blagojevic, Tijana"]
[Black "Heinatz, Gundula"]
[Result "1-0"]
[BlackTitle "WIM"]
[WhiteElo "2004"]
[BlackElo "2197"]
[WhiteTeam "Montenegro"]
[BlackTeam "Switzerland"]
[WhiteFideId "16500270"]
[BlackFideId "4612434"]
[EventDate "2012.08.28"]

1. e4 g6 2. d4 Bg7 3. Nc3 d6 4. f4 a6 5. Nf3 Nd7 6. Bd3 c5 7. dxc5 Nxc5 8. O-O
b5 9. Qe1 Bb7 10. a4 bxa4 11. Nxa4 Nxd3 12. cxd3 Nf6 13. Qh4 Bc8 14. Be3 Rb8 15.
Rac1 Bd7 16. Nc3 O-O 17. Rc2 Ng4 18. Bc1 f5 19. h3 Nf6 20. e5 Ne8 21. d4 e6 22.
Qf2 Qb6 23. Be3 d5 24. Rfc1 Rb7 25. Ne1 Nc7 26. Nd3 Nb5 27. Na4 Qa7 28. Nac5 Rc7
29. Ra1 Rfc8 30. b4 Rc6 31. Rca2 Ra8 32. Rxa6 Rxa6 33. Rxa6 Qxa6 34. Nxa6 Rxa6
35. Nc5 Ra1+ 36. Kh2 Bc8 37. Qh4 Ra8 38. Qd8+ Bf8 39. Nxe6 Bb7 40. Qb6 Ba6 41.
Nc5 Bxc5 42. Qe6+ Kg7 43. Qxd5 Bxd4 44. Qxa8 Bxe3 45. Qxa6 Bxf4+ 46. g3 1-0

[Event "40th Olympiad Women"]
[Site "Istanbul TUR"]
[Date "2012.09.01"]
[Round "5.14"]
[Board "4"]
[White "Stoeri, Laura"]
[Black "Stojanovic, Marija R"]
[Result "0-1"]
[BlackTitle "WFM"]
[WhiteElo "2057"]
[BlackElo "2097"]
[WhiteTeam "Switzerland"]
[BlackTeam "Montenegro"]
[WhiteFideId "1304313"]
[BlackFideId "931411"]
[EventDate "2012.08.28"]

1. e4 c5 2. Nf3 d6 3. d4 cxd4 4. Nxd4 Nf6 5. Nc3 e6 6. Be3 a6 7. f4 Qc7 8. Qf3
Be7 9. O-O-O Nc6 10. g4 Nxd4 11. Bxd4 e5 12. fxe5 dxe5 13. Qg3 Bd6 14. Be3 Be6
15. g5 Nh5 16. Qf3 Nf4 17. Nd5 Bxd5 18. exd5 O-O 19. Bxf4 exf4 20. Bd3 Rae8 21.
Rhe1 Qa5 22. Rxe8 Rxe8 23. Qh3 g6 24. Qd7 Rd8 25. Qxb7 f3 26. Bc4 Qc5 27. Qxa6
Qe3+ 28. Kb1 f2 29. Qa5 Re8 30. c3 Qe4+ 31. Ka1 Qxc4 0-1

[Event "40th Olympiad Women"]
[Site "Istanbul TUR"]
[Date "2012.09.01"]
[Round "5.15"]
[Board "2"]
[White "Gamboa Alvarado, Leticia"]
[Black "Fomina, Tatyana"]
[Result "0-1"]
[BlackTitle "WIM"]
[WhiteElo "1890"]
[BlackElo "2189"]
[WhiteTeam "Costa Rica"]
[BlackTeam "Estonia"]
[WhiteFideId "6502270"]
[BlackFideId "4500156"]
[EventDate "2012.08.28"]

1. d4 d5 2. c4 Nc6 3. Nc3 dxc4 4. d5 Ne5 5. f4 Ng4 6. h3 N4f6 7. e4 e6 8. Qa4+
Bd7 9. Qxc4 exd5 10. exd5 Bd6 11. Nf3 Ne7 12. Bd3 c6 13. dxc6 Bxc6 14. O-O Rc8
15. Ng5 O-O 16. Rf2 Bd5 17. Qa4 Bc5 18. Nxd5 Qxd5 19. Be2 h6 20. Bf3 Bxf2+ 0-1

[Event "40th Olympiad Women"]
[Site "Istanbul TUR"]
[Date "2012.09.01"]
[Round "5.15"]
[Board "3"]
[White "Vahtra, Tuuli"]
[Black "Acevedo Mendez, Lisseth"]
[Result "1-0"]
[WhiteTitle "WFM"]
[WhiteElo "2014"]
[BlackElo "1843"]
[WhiteTeam "Estonia"]
[BlackTeam "Costa Rica"]
[WhiteFideId "4502060"]
[BlackFideId "6502938"]
[EventDate "2012.08.28"]

1. d4 d5 2. c4 c6 3. cxd5 cxd5 4. Nc3 Nf6 5. Nf3 Nc6 6. Bf4 Bf5 7. Rc1 e6 8. Qb3
Qd7 9. e3 a6 10. a3 Rc8 11. Qa4 Be7 12. Be2 O-O 13. O-O Bd6 14. Bg3 Qc7 15. Qd1
Qb8 16. Qd2 Bxg3 17. hxg3 Rfd8 18. Rfd1 b5 19. b4 Qb6 20. Bd3 Bg4 21. Ne2 Bxf3
22. gxf3 e5 23. Bf5 Rc7 24. Qd3 g6 25. Bh3 Ne8 26. Kg2 f5 27. Qb3 exd4 28. Nf4
Ne7 29. Rxc7 Nxc7 30. Rxd4 Ne6 31. Nxe6 Qxe6 32. g4 Kf7 33. Rf4 g5 34. gxf5 Qf6
35. Rd4 Nxf5 36. Rxd5 Nh4+ 37. Kf1 Kg7 38. Rxd8 Qxd8 39. Qb2+ Kh6 40. Ke2 Qd5
41. Qf6+ Ng6 42. Bf5 Qc4+ 43. Bd3 Qg8 44. Qxa6 Kh5 45. Bxg6+ Qxg6 46. Qxb5 Qc2+
47. Kf1 Kh4 48. Qe5 Qc1+ 49. Kg2 Qxa3 50. Qh2# 1-0

[Event "40th Olympiad Women"]
[Site "Istanbul TUR"]
[Date "2012.09.01"]
[Round "5.15"]
[Board "4"]
[White "Rodriguez Arrieta, Maria Elena"]
[Black "Narva, Regina R."]
[Result "1/2-1/2"]
[BlackTitle "WFM"]
[WhiteElo "1738"]
[BlackElo "2042"]
[WhiteTeam "Costa Rica"]
[BlackTeam "Estonia"]
[WhiteFideId "6502911"]
[BlackFideId "4500237"]
[EventDate "2012.08.28"]

1. e4 c5 2. Nf3 d6 3. d4 cxd4 4. Nxd4 Nf6 5. Nc3 g6 6. Be2 Bg7 7. Be3 Nc6 8. Qd2
O-O 9. O-O Ng4 10. Bxg4 Bxg4 11. Kh1 Ne5 12. b3 Bd7 13. f3 Rc8 14. Rad1 h5 15.
Nd5 Kh7 16. c4 Nc6 17. f4 Nxd4 18. Bxd4 b6 19. f5 Bh6 20. Be3 Bxe3 21. Qxe3 Bc6
22. Qg5 Bxd5 23. exd5 b5 24. g4 hxg4 25. Rf4 e5 26. Qxd8 Rcxd8 27. fxg6+ fxg6
28. Rxg4 Rf2 29. Rdg1 Rg8 30. h4 Kh6 31. Rg5 Rf4 32. R1g4 1/2-1/2

[Event "40th Olympiad Women"]
[Site "Istanbul TUR"]
[Date "2012.09.01"]
[Round "5.16"]
[Board "1"]
[White "Lujan, Carolina"]
[Black "Sergeyeva, Mariya"]
[Result "1-0"]
[WhiteTitle "IM"]
[BlackTitle "WGM"]
[WhiteElo "2368"]
[BlackElo "2346"]
[WhiteTeam "Argentina"]
[BlackTeam "Kazakhstan"]
[WhiteFideId "109878"]
[BlackFideId "13701037"]
[EventDate "2012.08.28"]

1. e4 c5 2. Nf3 d6 3. d4 cxd4 4. Nxd4 Nf6 5. Nc3 a6 6. Be2 e6 7. a4 Nc6 8. O-O
Be7 9. Be3 O-O 10. f4 Qc7 11. Kh1 Re8 12. Bf3 Rb8 13. Qe1 Nxd4 14. Bxd4 e5 15.
Be3 Be6 16. f5 Bc4 17. Rg1 d5 18. Qg3 Rbc8 19. exd5 e4 20. Bf4 Qb6 21. a5 Qxb2
22. Nxe4 Nxe4 23. Bxe4 Bc5 24. Rgb1 Qf6 25. Qf3 Bd4 26. c3 Bxc3 27. Ra3 Bb2 28.
Re3 Bd4 29. Ree1 Bc3 30. Rec1 Ba2 31. Rxb7 Qd4 32. d6 Rxe4 33. d7 Rf8 34. Rb8
Bxa5 35. Rxf8+ Kxf8 36. Qa3+ Bb4 37. Qxb4+ 1-0

[Event "40th Olympiad Women"]
[Site "Istanbul TUR"]
[Date "2012.09.01"]
[Round "5.16"]
[Board "2"]
[White "Dauletova, Gulmira"]
[Black "Amura, Claudia"]
[Result "1-0"]
[WhiteTitle "WIM"]
[BlackTitle "WGM"]
[WhiteElo "2267"]
[BlackElo "2351"]
[WhiteTeam "Kazakhstan"]
[BlackTeam "Argentina"]
[WhiteFideId "13702971"]
[BlackFideId "100536"]
[EventDate "2012.08.28"]

1. e4 c5 2. Nf3 Nc6 3. c3 d5 4. exd5 Qxd5 5. d4 Nf6 6. Be2 Bg4 7. O-O e6 8. Be3
cxd4 9. cxd4 Bb4 10. Nc3 Bxc3 11. bxc3 O-O 12. c4 Qd6 13. h3 Bh5 14. Qa4 Ne4 15.
Rac1 f5 16. d5 Bxf3 17. Bxf3 exd5 18. Rfd1 Qb4 19. Qxb4 Nxb4 20. cxd5 Nxa2 21.
Rc7 b5 22. d6 Nac3 23. Bd4 Rfc8 24. Bxc3 Nxd6 25. Bd5+ 1-0

[Event "40th Olympiad Women"]
[Site "Istanbul TUR"]
[Date "2012.09.01"]
[Round "5.16"]
[Board "3"]
[White "Plazaola, Maria De Los Angeles"]
[Black "Saduakassova, Dinara"]
[Result "0-1"]
[WhiteTitle "WIM"]
[BlackTitle "WIM"]
[WhiteElo "2164"]
[BlackElo "2216"]
[WhiteTeam "Argentina"]
[BlackTeam "Kazakhstan"]
[WhiteFideId "113395"]
[BlackFideId "13700090"]
[EventDate "2012.08.28"]

1. e4 e5 2. Nf3 Nc6 3. d4 exd4 4. Nxd4 Bc5 5. Be3 Qf6 6. c3 Nge7 7. Bc4 b6 8.
O-O Bb7 9. Nxc6 Bxc6 10. Nd2 O-O 11. Bxc5 bxc5 12. Qh5 d6 13. Rfe1 Ng6 14. Rad1
Rab8 15. b3 Qxc3 16. Re3 Qe5 17. Qg4 Qf6 18. Rh3 Ne5 19. Qh5 h6 20. Be2 Rb4 21.
Re3 Rd4 22. Bf1 Rd8 23. Qe2 Rb8 24. Qe1 Nd7 25. Bc4 Qe7 26. Rc1 Re8 27. Bd5 Ne5
28. Bxc6 Nxc6 29. Rc4 Nb4 30. Rg3 d5 31. Rxd4 cxd4 32. Nf3 Qxe4 33. Qa1 Nc2 34.
Qd1 d3 35. h3 Nd4 36. Kh2 Qe2 37. Qa1 Nf5 38. Rg4 d2 39. Nxd2 Qxd2 40. Qf6 Qc2 0-1

[Event "40th Olympiad Women"]
[Site "Istanbul TUR"]
[Date "2012.09.01"]
[Round "5.16"]
[Board "4"]
[White "Davletbayeva, Madina"]
[Black "Martinez, Ayelen"]
[Result "1-0"]
[WhiteTitle "WIM"]
[WhiteElo "2165"]
[BlackElo "2095"]
[WhiteTeam "Kazakhstan"]
[BlackTeam "Argentina"]
[WhiteFideId "13703595"]
[BlackFideId "118702"]
[EventDate "2012.08.28"]

1. e4 c5 2. c3 d5 3. exd5 Qxd5 4. d4 Nf6 5. Nf3 e6 6. Be2 cxd4 7. cxd4 Nc6 8.
O-O Be7 9. Nc3 Qd6 10. Nb5 Qd8 11. Bf4 Nd5 12. Bg3 O-O 13. Rc1 a6 14. Nc3 Nxc3
15. bxc3 Bf6 16. Bd3 b6 17. Qe2 Bb7 18. Rfd1 g6 19. Be4 Re8 20. Ne5 Na5 21. Bxb7
Nxb7 22. Qf3 Na5 23. h3 Qe7 24. c4 Kg7 25. c5 Bxe5 26. Bxe5+ f6 27. cxb6 Rac8
28. Bc7 Qd7 29. Rc5 Qa4 30. Rdc1 Qb4 31. a3 Qb2 32. R1c3 e5 33. dxe5 fxe5 34.
Rxa5 Rf8 35. Bxe5+ Kh6 36. Qe3+ g5 37. Rxc8 Qb1+ 38. Rc1 Qg6 39. Rac5 Re8 40.
Rc6 1-0

[Event "40th Olympiad Women"]
[Site "Istanbul TUR"]
[Date "2012.09.01"]
[Round "5.17"]
[Board "1"]
[White "Paehtz, Elisabeth"]
[Black "Ordaz Valdes, Lisandra Teresa"]
[Result "1-0"]
[WhiteTitle "IM"]
[BlackTitle "WGM"]
[WhiteElo "2483"]
[BlackElo "2344"]
[WhiteTeam "Germany"]
[BlackTeam "Cuba"]
[WhiteFideId "4641833"]
[BlackFideId "3506940"]
[EventDate "2012.08.28"]

1. e4 e5 2. Nc3 Nf6 3. g3 d5 4. exd5 Nxd5 5. Bg2 Nxc3 6. bxc3 Bd6 7. Nf3 O-O 8.
O-O Nc6 9. d4 Qf6 10. Be3 a6 11. Rb1 exd4 12. cxd4 Nb4 13. c4 Bf5 14. c5 Bc2 15.
Qc1 Bxb1 16. Qxb1 Nd5 17. Ng5 g6 18. Bxd5 Be7 19. Qxb7 Rad8 20. Bg2 Qf5 21. Ne4
Qc8 22. Qc6 Qe6 23. Qxc7 Rd7 24. Qa5 1-0

[Event "40th Olympiad Women"]
[Site "Istanbul TUR"]
[Date "2012.09.01"]
[Round "5.17"]
[Board "2"]
[White "Pina Vega, Sulennis"]
[Black "Melamed, Tetyana"]
[Result "1/2-1/2"]
[WhiteTitle "WGM"]
[BlackTitle "WGM"]
[WhiteElo "2345"]
[BlackElo "2356"]
[WhiteTeam "Cuba"]
[BlackTeam "Germany"]
[WhiteFideId "3503151"]
[BlackFideId "14102145"]
[EventDate "2012.08.28"]

1. e4 c5 2. Nf3 e6 3. Nc3 Nc6 4. Bb5 Nge7 5. O-O a6 6. Bxc6 Nxc6 7. d4 cxd4 8.
Nxd4 Be7 9. Nxc6 dxc6 10. Qg4 Bf6 11. f4 O-O 12. Kh1 Bxc3 13. bxc3 f5 14. Qe2 e5
15. fxe5 fxe4 16. Ba3 Rxf1+ 17. Rxf1 Be6 18. Rf8+ Qxf8 19. Bxf8 Rxf8 20. Kg1
Bxa2 21. Qxe4 Bd5 22. Qb4 b5 23. Qe7 Bf7 24. e6 Bg6 25. Qd6 Be8 26. Qd8 Bg6 27.
Qc7 Re8 28. Qxc6 a5 29. Qxb5 Rxe6 30. Qxa5 Rf6 31. Qd5+ Kf8 32. c4 Be8 33. Qe5
Bc6 34. g4 h6 35. c5 Kf7 36. h4 Rg6 37. Kh2 Re6 38. Qc7+ Kg6 39. Kg3 Re3+ 40.
Kf2 Re6 41. h5+ Kf6 42. c3 Be8 43. Qd8+ Kf7 44. Kf3 Bc6+ 45. Kf4 Bh1 46. Qd7+
Kf6 47. Qc8 Kf7 48. Qb8 Bc6 49. Qb1 Ke7 50. Kf5 Bd7 51. Qb7 Ke8 52. Qb8+ Kf7 53.
Qd8 Re7+ 54. Kf4 Bc6 55. Qd3 Re6 56. Kf5 Ke7 57. g5 hxg5 58. Qd4 Rf6+ 59. Kxg5
Kf7 60. Qd8 Be8 61. Qd5+ Kf8 62. Qd8 Kf7 63. Qc7+ Kf8 64. Qe5 Kf7 65. Qd5+ Kf8
66. Qa2 Bc6 67. Qa7 Be8 68. Qa8 Kf7 69. Qb8 Bc6 70. Qc8 Be8 71. Qc7+ Kf8 72. Qd8
Kf7 1/2-1/2

[Event "40th Olympiad Women"]
[Site "Istanbul TUR"]
[Date "2012.09.01"]
[Round "5.17"]
[Board "3"]
[White "Ohme, Melanie"]
[Black "Linares Napoles, Oleiny"]
[Result "1-0"]
[WhiteTitle "WGM"]
[BlackTitle "WGM"]
[WhiteElo "2337"]
[BlackElo "2355"]
[WhiteTeam "Germany"]
[BlackTeam "Cuba"]
[WhiteFideId "4690745"]
[BlackFideId "3504794"]
[EventDate "2012.08.28"]

1. e4 d6 2. d4 Nf6 3. Nc3 g6 4. g3 Bg7 5. Bg2 O-O 6. Nge2 Nbd7 7. O-O c5 8. Re1
Rb8 9. a4 b6 10. h3 a6 11. Be3 cxd4 12. Nxd4 Bb7 13. Nd5 e6 14. Nxf6+ Nxf6 15.
Qd3 Qc7 16. c4 Rbc8 17. Rac1 Rfd8 18. Ne2 Nd7 19. Bg5 Ne5 20. Qb1 Re8 21. b3 Qc5
22. Be3 Qb4 23. Nd4 Nc6 24. Nc2 Qa5 25. Rcd1 Bf8 26. Qb2 Ne5 27. f4 Nd7 28. Re2
b5 29. axb5 axb5 30. b4 Qc7 31. cxb5 Nb6 32. Bf2 Nc4 33. Qb3 Ra8 34. Nd4 Ra3 35.
Qc2 Rea8 36. Kh2 Rc8 37. Qc1 Ra4 38. Nc6 Na3 39. Ra2 Bxc6 40. bxc6 Rca8 41. Bf1
d5 42. exd5 exd5 43. b5 Nc4 44. Rxa4 Rxa4 45. Rxd5 Ra2 46. Qxc4 Rxf2+ 47. Bg2
Qc8 48. Rd7 Qe8 49. c7 Qxd7 50. c8=Q Qd2 51. Qb7 Be7 52. Qbd5 1-0